Normal view
MARC view
- Supervisor Dr. Farooque Azam
Entry Corporate Name
001 - CONTROL NUMBER
- control field: 84107
003 - CONTROL NUMBER IDENTIFIER
- control field: NUST
005 - DATE AND TIME OF LATEST TRANSACTION
- control field: 20211113115232.0
008 - FIXED-LENGTH DATA ELEMENTS
- fixed length control field: 211113|| aca||aabn | a|a d
040 ## - CATALOGING SOURCE
- Original cataloging agency: NUST
- Transcribing agency: NUST
110 ## - HEADING--CORPORATE NAME
- Corporate name or jurisdiction name as entry element: Supervisor Dr. Farooque Azam
670 ## - SOURCE DATA FOUND
- Source citation: Work cat.: (NUST): Rimsha Khan 84106, TH-SOF-1918-Java Code Analysis Framework for Mission Critical Systems, 2021.
